000 00562nam a2200229Ia 4500
005 20260430150723.0
008 008 250103s9999 xx 000 0 eng d
037 _aTheses
040 _aCRL
040 _beng
040 _ceng
041 _2eng
041 _aeng
084 _qCRL
100 _aMohammad Majid Au.; Qamarul Hasan Gu.
_91238295
245 0 _aUrdu afsanon ka jurmiyati tajzia
260 _c2024
300 _a281p.
700 _aUniversity of Delhi. Faculty of Arts. Department of Urdu
942 _cTH
999 _c1850465
_d1850465